| 000 | 00727cam a22002413a 4500 | ||
|---|---|---|---|
| 001 | 3133 | ||
| 003 | PGUSA | ||
| 005 | 20140828083026.0 | ||
| 008 | 041010s2004||||xxu|||||s|||||000 | eng d | ||
| 040 |
_aPGUSA _beng |
||
| 042 | _adc | ||
| 050 | 4 | _aF1001 | |
| 100 | 1 |
_aWarner, Charles Dudley, _d1829-1900 |
|
| 245 | 1 | 0 |
_aBaddeck, and That Sort of Thing _h[electronic resource] / _cCharles Dudley Warner |
| 260 |
_bProject Gutenberg, _c2004 |
||
| 506 | _aPublic domain in the USA. | ||
| 516 | _aElectronic text | ||
| 653 | _aNova Scotia -- Description and travel | ||
| 653 | _aBaddeck (N.S.) -- Description and travel | ||
| 830 | 0 |
_aProject Gutenberg _v3133 |
|
| 856 | 4 | 0 | _uhttp://www.gutenberg.org/ebooks/3133 |
| 942 | _cEB | ||
| 999 |
_c232462 _d232462 |
||